Actors Who Acted as a Child and an Adult - Statistics

General Stats
  • This quiz has been taken 186 times
  • The average score is 10 of 15
Answer Stats
Life Childhood Adulthood Actor % Correct
1974– Growing Pains The Revenant Leonardo DiCaprio
89%
1962– Taxi Driver The Silence of the Lambs Jodie Foster
87%
1981– Léon: The Professional Black Swan Natalie Portman
86%
1974– Empire of the Sun The Dark Knight Christian Bale
83%
1980– The Mickey Mouse Club La La Land Ryan Gosling
81%
1986– The Parent Trap Freakier Friday Lindsay Lohan
77%
1989– Harry Potter and the Sorcerer's Stone Weird: The Al Yankovic Story Daniel Radcliffe
74%
1975– E.T. the Extra-Terrestrial The Wedding Singer Drew Barrymore
74%
1973– Doogie Howser, M.D. How I Met Your Mother Neil Patrick Harris
65%
1981– The Good Son The Fellowship of the Ring Elijah Wood
62%
1986– Even Stevens Transformers Shia LaBeouf
58%
1980– The Addams Family Monster Christina Ricci
53%
1981– The Mickey Mouse Club The Social Network Justin Timberlake
53%
1981– 3rd Rock From the Sun Looper Joseph Gordon-Levitt
41%
1975– Blossom The Big Bang Theory Mayim Bialik
32%
No matching quizzes found
Score Distribution
Percent of People with Each Score
Percentile by Number Answered
Your Score History
You have not taken this quiz